Fundamental methods of mathematical economics (Record no. 40260)

MARC details
000 -LEADER
fixed length control field 00882pam a2200265 4500
001 - CONTROL NUMBER
control field 1218442
005 - DATE AND TIME OF LATEST TRANSACTION
control field 20030428220018.0
008 - FIXED-LENGTH DATA ELEMENTS--GENERAL INFORMATION
fixed length control field 740129s1974 nyua b 001 0 eng
010 ## - LIBRARY OF CONGRESS CONTROL NUMBER
LC control number 74001214
020 ## - INTERNATIONAL STANDARD BOOK NUMBER
International Standard Book Number 0070107807
035 ## - SYSTEM CONTROL NUMBER
System control number (OCoLC)ocm00805977
040 ## - CATALOGING SOURCE
Original cataloging agency DLC
Transcribing agency DLC
Modifying agency m/c
-- ZCU
050 0# - LIBRARY OF CONGRESS CALL NUMBER
Classification number HB135
Item number .C47 1974
082 ## - DEWEY DECIMAL CLASSIFICATION NUMBER
Classification number 330/.01/51
100 1# - MAIN ENTRY--PERSONAL NAME
Personal name Chiang, Alpha C.,
Dates associated with a name 1927-
245 10 - TITLE STATEMENT
Title Fundamental methods of mathematical economics
Statement of responsibility, etc [by] Alpha C. Chiang.
250 ## - EDITION STATEMENT
Edition statement 2d ed.
260 ## - PUBLICATION, DISTRIBUTION, ETC. (IMPRINT)
Place of publication, distribution, etc New York,
Name of publisher, distributor, etc McGraw-Hill
Date of publication, distribution, etc [1974]
300 ## - PHYSICAL DESCRIPTION
Extent xv, 784 p.
Other physical details illus.
Dimensions 23 cm.
504 ## - BIBLIOGRAPHY, ETC. NOTE
Bibliography, etc Bibliography: p. 773-776.
650 #0 - SUBJECT ADDED ENTRY--TOPICAL TERM
Topical term or geographic name as entry element Economics, Mathematical.
942 ## - ADDED ENTRY ELEMENTS (KOHA)
Source of classification or shelving scheme Library of Congress Classification
Item type Book
Holdings
Withdrawn status Lost status Source of classification or shelving scheme Damaged status Not for loan Collection code Home library Current library Shelving location Date acquired Source of acquisition Total Checkouts Total Renewals Full call number Barcode Date last borrowed Copy number Price effective from Koha item type
    Library of Congress Classification     Non-fiction Bishop Okullu Memorial Library (Limuru Campus) Bishop Okullu Memorial Library (Limuru Campus) General Circulation 06/02/2012 Donation 9 1 HB135 .C47 1974 030298 21/02/2017 1 06/02/2012 Book